Quizzes
Events
Quiz Creation
Community
Videos
Private Events
Remove Ads
Sign In
Join for FREE
Feedback
Dark Mode
Quiz Categories
Sports
Geography
Music
Movies
Television
Just For Fun
Miscellaneous
History
Literature
Language
Science
Gaming
Entertainment
Religion
Holiday
For Kids
Quiz Lab
Recent
Popular Today
Quiz Kudos Today
Editor Picks
Curator Picks
Quizzes by...
Day
Popularity
Type
Ratings
Length
Year
Community
Subscriptions
Recent Discussions
Orange Saloon
Badges
Playlists
Quests
Create
Leaderboards
Showdown
Live 5
Trivia Bingo
Activity
Puzzle Library
Sporcle Events
Private Events
Virtual Trivia
Globe League
Become a Host
Pub Owners
SporcleCon
Opinionation
Our Games
Videos
Blog
Mobile Apps
Partnerships
Remove Ads and Go Orange
Feedback
Sports
Athletes
MLB
NBA
NHL
NFL
Soccer
Sports Teams
WWE
NCAA
Football
Premier League
Basketball
Baseball
Hockey
Golf
Tennis
Cricket
Rugby
Auto Racing
Olympics
World Cup
Sports
Athletes
MLB
NBA
NHL
NFL
Soccer
Sports Teams
WWE
NCAA
Football
Premier League
Basketball
Baseball
Hockey
Golf
Tennis
Cricket
Rugby
Auto Racing
Olympics
World Cup
Random Quiz
Search Sporcle
×
Quiz Lab
Quiz Lab
Sports
Michigan Basketball
Type in answers that appear in a list
Type in answers that appear in a list
Classic
Best Score? Go Orange.
Top 40 All-time NCAA Tournament Coaches Stats
Can you name the NCAA Men's Tournament coaches with the best winning percentage?
By
americanpatient
7m
40 Questions
367 Plays
367 Plays
367 Plays
Comments
Comments
Give Quiz Kudos
Give Quiz Kudos
-
- Ratings
hide this ad
More Info
Replay
Link that replays current quiz
Next Quiz
Link to next quiz in quiz playlist
You Got
0%
They Got
Avg Score
69%
Avg Friend Score
Upgrade to see
Score Distribution
Jump to the score distribution portion of the page
Score
0/40
Timer
07:00
0
Plays Today
Winning percentage
Coach
% Correct
.825 (47-
10)
John Wooden
97.3%
.760 (76-
24)
Roy Williams
95.9%
.644 (29-
16)
Gary Williams
93.7%
.740 (54-
19)
Rick Pitino
93.5%
.707 (62-
27)
Dean Smith
93.2%
.638 (30-
17)
Tubby Smith
92.9%
.750 (51-
17)
John Calipari
92.4%
.705 (43-
18)
Bill Self
90.7%
.712 (47-
19)
Tom Izzo
90.2%
.765 (91-
28)
Mike Krzyzewski
89.1%
.745 (35-
12)
Billy Donovan
85.8%
.625 (30-
18)
Adolph Rupp
85%
.643 (45-
25)
Bob Knight
83.9%
.648 (57-
31)
Jim Boeheim
82.6%
.642 (34-
19)
John Thompson
81.7%
.718 (51-
20)
Jim Calhoun
80.4%
.618 (21-
13)
Jay Wright
79.8%
.652 (19-
8)
Jim Valvano
76.6%
.679 (38-
18)
Jerry Tarkanian
75.2%
.622 (46-
28)
Lute Olson
74.9%
Winning percentage
Coach
% Correct
.650 (26-
14)
Steve Fisher
68.1%
.731 (19-
7)
Larry Brown
67.8%
.634 (26-
15)
Nolan Richardson
66.8%
.646 (42-
23)
Denny Crum
66.2%
.600 (39-
26)
Eddie Sutton
65.9%
.655 (19-
10)
Sean Miller
65.4%
.649 (24-
13)
Thad Matta
63.5%
.641 (25-
14)
Bo Ryan
62.4%
.690 (20-
9)
Al McGuire
57.8%
.636 (14-
8)
Frank McGuire
57.5%
.667 (20-
10)
Rollie Massimino
56.4%
.613 (19-
12)
Rick Majerus
54.8%
.633 (19-
11)
John Beilein
49.3%
.690 (20-
9)
Joe B. Hall
46.3%
.682 (15-
7)
Hank Iba
46%
.600 (15-
10)
Jud Heathcote
40.3%
.621 (18-
11)
Tom Davis
36%
.600 (18-
12)
Billy Tubbs
35.1%
.655 (19-
10)
Ben Howland
27.8%
.600 (15-
10)
Terry Holland
23.7%
Quiz Playlist
Details
Report
Send in Message
Add To Playlist
More Info:
Active coaches are hinted by their current school. Former coaches are hinted by the school where they coached most of their tournament games.
Only coaches who have been the head coach for at least 20 tournament games are included.
Coaches 41-50 appear as bonus answers.
Updates occur weekly during the Tournament.
Classic:
Type in answers that appear in a list
Quiz Source
Last Updated: Mar 15, 2018
Quiz Scoreboard
CHALLENGE
Sign Up to Join the Scoreboard
Show All
Scores
Hide
Comments
May contain spoilers
Recently Published
Presidents Visiting Landmarks
by Hejman
History
7m
An Introduction to Baseball
by treessimontrees
Sports
5m
Movies - When Are They Set?
by FPL_Elf
Movies
5m
More to Explore
Quiz From the Vault
Featured Blog Post
Where Did the Easter Bunny Come From?
hide this ad
You Might Also Like...
Tags
Kansas Jayhawks
Kentucky Basketball
Kentucky Wildcats
Louisville
Michigan Basketball
NCAA Basketball
NCAA Mens
NCAA Tournament
Top NCAA
Total NCAA
ucla
UNC Basketball
Today's Top Quizzes in Sports
Browse Sports
hide this ad
Today's Top Quizzes in Michigan Basketball
Browse Michigan Basketball
Top Contributed Quizzes in Sports
1
Les meilleurs buteurs des matchs entre le PSG et l’OM
2
2022 World Cup Stars
3
FIFA Club World Cup Champions
4
Les entraîneurs de l'OM et du PSG au 21e siècle
5
Name the Premier League winners with different clubs
6
La finale Lions - Afrique du Sud 2021
7
5-to-1: UK Sports Teams
8
England Test cricketers to play under Nasser Hussain
9
Players with Multiple 50 Home Run Seasons
10
AFC Teams Reveal (Wrong Answers Minefield)
Explore More
Trending Topics
NBA
Kpop
Crossword
Marvel
Disney
Harry Potter
Anime
Country
WWE
Song
Pokémon
NFL
Soccer
The Office
Puzzle
hide this ad
More By:
americanpatient
Quiz
Plays
Rating
Category
Featured
Created
Words from Princess Diana
4,624
4.68
History
Aug 11, 2017
Quick Pick: Big 4 Atlanta Hawks 2017-18
3,982
4.25
Sports
Jun 27, 2018
LeBron discusses 30 NBA teams
3,574
3.71
Sports
Jun 29, 2018
Top 100 NBA 2017-18 ESPN rankings
3,317
3.00
Sports
Sep 13, 2017
Pitch Perfect, Grease, Hairspray or High School Musical
2,690
4.50
Entertainment
Jul 20, 2018
Go to Creator's Profile
Score Distribution
Quiz Creator Spotlight
americanpatient
Follow
Send a Message
Quizzes Created
-
Created Quiz Play Count
-
More By This Creator
Popular Quizzes Today
1
Find the US States - No Outlines Minefield
2
Find the Countries of Europe - No Outlines Minefield
3
The Countries of the World
4
Find the US States
5
Popular People in 1961
6
US States
7
Risky Map Clicking: Biggest States A-Z
8
Movies - When Are They Set?
More Sports Quizzes
World Cup 2014 Geography
Published
Trending Quizzes
Risky Map Clicking: Least Populous States A-Z
1-10 Letter G Words
1-10 Letter F Words
Risky Map Clicking: Next State Alphabetically
Risky Map Clicking: Biggest States A-Z
Recently Updated
Leaping Animals
pecheneg
Reality TV Shows (A-Z)
bhenderson79
Rickey Henderson's Hall of Fame Teammates
pecheneg
Champions League XIs: Arsenal
pecheneg
Quick Pick: Celebrities in WWE's Hall of Fame
aduchscher
A-Z Keypad Blitz II
pecheneg
Multiple Oscar Actors
pecheneg
Mystery Phrase Blitz: Oscar 'Best Actors'
pecheneg
F. Scott Fitzgerald Novels
LTH
Pick 3 Villains
ddd62291
Trending Topics
Disney
NBA
Crossword
Harry Potter
Anime
Marvel
Kpop
The Office
Song
Soccer
NFL
WWE
Country
Pokémon
Puzzle
Your Account Isn't Verified!
In order to create a playlist on Sporcle, you need to verify the email address you used during registration. Go to your
Sporcle Settings
to finish the process.
Report this User
Report this user for behavior that violates our
Community Guidelines
.
Details:
Send Report
Go to the Sporcle.com Mobile Site →
Comments